| 000 | 00488nam a2200169 i 4500 | ||
|---|---|---|---|
| 001 | 91134 | ||
| 003 | ES-MaACL | ||
| 005 | 20230906180641.0 | ||
| 007 | t| | ||
| 008 | 050127s1972 sp ||||1| spa d | ||
| 100 | 1 |
_aLeroux, Gaston. _971792 |
|
| 245 | 1 | 3 |
_aLa máquina de asesinar / _cGaston Leroux ; [traducción de Marta Aguirre]. |
| 260 |
_aBarcelona : _bTusquets, _c[1972] |
||
| 300 |
_a225 p. ; _c19 cm. |
||
| 700 | 1 |
_aAguirre, Marta. _918841 |
|
| 852 |
_aES-MaACL _jC-53233 _bR.84775 |
||
| 999 |
_c91134 _d91134 |
||